| 000 | 00634nam a22002177a 4500 | ||
|---|---|---|---|
| 001 | 87574 | ||
| 003 | UA-OsUOA | ||
| 005 | 20211108222352.0 | ||
| 007 | ta | ||
| 008 | 20120920b un ||||| |||| 00| 0 ukr d | ||
| 040 |
_aUA-OsUOA _brus _cUA-OsUOA _dUA-OsUOA |
||
| 041 | _arus | ||
| 080 | _a94 (47+571) | ||
| 090 |
_a94 (47+571) _bК 88 |
||
| 245 |
_aКрестьянское движение в России в 1870-1880 гг. _cЗайончковского П. А. _bсборник документов |
||
| 260 |
_aМ. _bНаука _c1968 |
||
| 300 | _a612 с. | ||
| 650 | 7 |
_a94 Історія _2UDC |
|
| 942 |
_cBK _2udc |
||
| 955 | _a4 | ||
| 999 |
_c373946 _d373946 |
||